Tetraploids, triploids and 2n pollen from diploid interspecific crosses with cassava (Record no. 70416)

MARC details
000 -LEADER
fixed length control field 00415nam a2200145Ia 4500
100 ## - MAIN ENTRY--AUTHOR NAME
Personal name Hahn S K
245 #0 - TITLE STATEMENT
Title Tetraploids, triploids and 2n pollen from diploid interspecific crosses with cassava
260 ## - PUBLICATION, DISTRIBUTION, ETC. (IMPRINT)
Name of publisher Theoretical and Applied Genetics
Year of publication 1990
300 ## - PHYSICAL DESCRIPTION
Number of Pages 433-439
650 ## - SUBJECT ADDED ENTRY--TOPICAL TERM
Topical Term Manihot glaziovii
700 ## - ADDED ENTRY--PERSONAL NAME
Personal name Asiedu R
700 ## - ADDED ENTRY--PERSONAL NAME
Personal name Bai K V
942 ## - ADDED ENTRY ELEMENTS (KOHA)
Koha item type Journals
Holdings
Withdrawn status Lost status Damaged status Not for loan Home library Current library Date acquired Serial Enumeration / chronology Koha item type
      Journals RRII Library RRII Library 17/12/2021 Volume 79, Issue 4 Journals